000 nam a22 7a 4500
999 _c9134
_d9134
008 180123b ||||| |||| 00| 0 eng d
100 _aNCERT
_95405
245 _aChemistry Part II
260 _aNew Delhi
_bNCERT
_c2007